Filipinos A-Z - Statistics

General Stats
  • This quiz has been taken 972 times
  • The average score is 8 of 26
Answer Stats
Hint Answer % Correct
D widely regarded as the country's King of Comedy Dolphy
90%
M the first and only eight-division boxing world champion Manny Pacquiao
85%
B His screen name was a reference to his long chin Babalu
83%
L responsible for the death of Portuguese explorer Ferdinand Magellan Lapu-Lapu
82%
J considered the greatest national hero Jose Rizal
76%
H in 2010, he was elected as the first bachelor Mayor of Quezon City Herbert Bautista
52%
Y His most popular song was "Butse Kik" Yoyoy Villame
48%
F was the founder and first Executive Minister of Iglesia ni Cristo Felix Manalo
47%
X he landed his first major lead role in My Binondo Girl Xian Lim
45%
O he took a silver medal in 1996 Atlanta Olympics, the only medal of the country on that game. Onyok Velasco
36%
Z a brother to Kier and Brandon, his father is Lito. Zoren Legaspi
30%
I television's "queen of showbiz talk shows" and "queen of intrigues". Inday Badiday
25%
A Considered by many to be the greatest shooter the country has ever produced, thus, earning the moniker the "Triggerman". Allan Caidic
21%
G the first Asian inducted into the New York-based International Boxing Hall of Fame in 1993 Gabriel Elorde
13%
K Miss Earth 2008 Karla Henry
11%
S Vice-President of the Philippines from 1986 to 1992 under Corazon Aquino Salvador Laurel
11%
T appeared in a regular issue of German Playboy and a special American edition entitled "Women of the World". Tetchie Agbayani
9%
W achieved the GM title at the age of 14 years, 1 month and 28 days, making him the 8th youngest chess grandmaster in history Wesley So
9%
C the first non-American to win the Pulitzer Prize in Correspondence in 1942 Carlos P. Romulo
7%
N a national artist for literature and considered one of the most important Filipino writers in English Nick Joaquin
7%
E Former President Joseph Estrada's defense panel during the impeachment trial. Estelito Mendoza
4%
P he joined a bodabil troupe called "Travel Stage Show" which performed in various theaters in Japanese-occupied Manila, he is a son of Etang Discher Panchito
3%
U mother of actress Zeny Zabala Ursula Ortiz
2%
Q He served as Philippine Solicitor General in 1917 and 1918, as Attorney-General from 1918 to 1920, and as Secretary of Justice from 1920 to 1921 Quintin Paredes
1%
R Miss Universe 1975 4th Runner-up Rose Marie Singson Brosas
1%
V Miss Photogenic in Miss Universe 1971 Vida Doria
1%
No matching quizzes found
Score Distribution
Percent of People with Each Score
Percentile by Number Answered
Your Score History
You have not taken this quiz